Mi planta de naranja-lima /

Guardado en:
Autor Principal: Vasconcelos, José Mauro de
Formato: Libro
Publicado: Buenos Aires : El Ateneo, 1976
Edición:9a. ed.
Materias:
Etiquetas: Agregar Etiqueta
Sin Etiquetas, Sea el primero en etiquetar este registro!
LEADER 01182nam a22002895a 4500
001 CEM.cems006455
008 130507s1976##################000#0#####d
005 20241220102717.0
245 1 0 |a Mi planta de naranja-lima /  |c José Mauro de Vasconcelos 
250 |a 9a. ed. 
260 |a Buenos Aires :  |b El Ateneo,  |c 1976 
300 |a 180 p. 
020 |a 9789500204446 
100 1 |a Vasconcelos, José Mauro de 
082 0 4 |a B869.34 
653 |a Literatura 
653 |a Literatura hispanoamericana 
653 |a Novela brasileña-siglo 20 
653 |a Novelas 
859 |a CEMS  |b BIB. CEMS - 11 de abril  |h B869.34  |i V441-1a9  |p 5354.76  |t Ej.1 
859 |a CEMS  |b BIB. CEMS - 11 de abril  |h B869.34  |i V441-1a9  |p 5355.76  |t Ej.2 
859 |a CEMS  |b BIB. CEMS - 11 de abril  |h B869.34  |i V441-1a9  |p 5356.76  |t Ej.3 
859 |a CEMS  |b BIB. CEMS - 11 de abril  |h B869.34  |i V441-1a9  |p 5357.76  |t Ej.4 
859 |a CEMS  |b BIB. CEMS - 11 de abril  |h B869.34  |i V441-1a9  |p 6207.77  |t Ej.5 
859 |a CEMS  |b BIB. CEMS - 11 de abril  |h B869.34  |i V441-1a9  |p 25646.09  |t Ej.7 
859 |a CEMS  |b BIB. CEMS - 11 de abril  |h B869.34  |i V441-1a9  |p 25647.09  |t Ej.8 
859 |a CEMS  |b BIB. CEMS - 11 de abril  |h B869.34  |i V441-1a9  |p 25648.09  |t Ej.9